000 00624nam a2200253 a 4500
003 AR-BaBNM
005 20251128210714.0
008 082120s2002 ||||||||||||||000 | spa||
020 _a950-511-194-0
040 _cAR-BaBNM
100 1 _aCortázar, Julio
245 0 0 _aFinal del juego
250 _a1ª ed.
260 _aBuenos Aires
_bAlfaguara
_c2000
300 _a182 p.
490 0 _aBiblioteca Cortázar
650 4 _aLITERATURA ARGENTINA
650 4 _aLITERATURA CONTEMPORANEA
653 _aCUENTO FANTASTICO
653 _aINFLUENCIA CLASICA
655 _aLITERATURA
942 _cBK
998 _cMARTIN
999 _c16528
_d16528